00496nam a2200193 a 4500001001300000003000900013005001700022008004100039020000900080082001800089100002300107245002100130260005100151300000800202500003500210505002600245650000800271700002300279nice12345678IN_TiNIC20260116015136.0050524s1997 boma grp 000 0 eng  ac1000a297.211bKAM1 aKamaluddin, Khwaja aExistence of God aBombaybDarul Ishaat Kutub Khana Islamiac1997 a22p aincludes index and biblioraphy2 aSelected Bibliography aGod1 aKamaluddin, Khwaja